000 00837nam a22002537a 4500
003 OSt
005 20140310182330.0
008 130924t xxu||||| |||| 00| 0 eng d
020 _a0751649155
050 _aTA 403.2
_b.Ev88 1993
082 _aGS 620.11
_bEv1 1993
100 _aEvans, David
_92759
245 _aBuilding things /
_cDavid Evans.
260 _aLondon :
_bDorling Kindersley Education,
_c1993.
300 _a29 p. :
_bcol. ill. ;
_c27 cm.
440 _aLet's explore science
_921399
500 _aIncludes index.
650 _aMaterials
_xJuvenile literature.
_921400
650 _a 2. Materials
_xExperiments
_xJuvenile literature.
_921401
650 _a Engineering
_xJuvenile literature.
_921402
650 _aEngineering
_xExperiments
_xJuvenile literature.
_921403
942 _2lcc
_cBK-GS
999 _c11973
_d11973